00770cam a22002417a 450000100090000000300040000900500170001300800410003001000170007102000180008803500240010604000280013008200200015810000250017824500840020325000300028726000560031730000330037350400510040665000250045770000200048270000260050216581894OSt20150729010827.0101216s2014 enk b 001 0 eng  a 2010052297 a9781292019499 a(OCoLC)ocn694080470 aDLCcDLCdCDXdEGMdDLC00a658.15bSWE2221 aSullivan, William G.10aEngineering economy /cWilliam G. Sullivan, Elin M. Wicks, C. Patrick Koelling. a16th ed., global edition. aEssex, England :bPearson Education Limited,c2014. axx, 694 p. :bill. ;c25 cm. aIncludes bibliographical references and index. 0aEngineering economy.1 a Wicks, Elin M.1 a Koelling, C. Patrick